Principles of conservation biology (Registro nro. 84)

Detalles MARC
000 -CABECERA
Campo de control 00989nam a2200325 a 4500
005 - FECHA Y HORA DE LA ULTIMA TRANSACCION
Campo de control 20200104041505.0
008 - ELEMENTOS DE LONGITUD FIJA—INFORMACION GENERAL
Campo de control 140114b1997 -Us||||| |||| 00| 0 eng d
020 ## - ISBN
ISBN 0878935215
041 ## - IDIOMA
Código de idioma para texto/pista de sonido o título separado Inglés
044 ## - PAÍS DE PUBLICACIÓN
País de publicación Estados Unidos
090 ## - CLASIFICACIÓN LOCAL
Colección LB
Consecutivo 00063
100 ## - ASIENTO PRINCIPAL--NOMBRE PERSONAL
Nombre personal Meffe, Gary K.
245 ## - MENCION DE TITULO
Título Principles of conservation biology
250 ## - MENCION DE EDICION
Mención de edición 2 ed.
260 ## - PUBLICACION, DISTRIBUCION, ETC. (PIE DE IMPRENTA)
Lugar de publicación, distribución, etc. Massachusetts
Nombre del editor, distribuidor, etc. Sinauer Associates Publishers
Fecha de publicación, distribución, etc. 1997
300 ## - DESCRIPCION FISICA
Extensión 600 p.
650 ## - ASIENTO SECUNDARIO DE MATERIA - TERMINO TEMATICO
Término temático o nombre geográfico como elemento de entrada Biología de la conservación
650 ## - ASIENTO SECUNDARIO DE MATERIA - TERMINO TEMATICO
Término temático o nombre geográfico como elemento de entrada Diversidad alfa
650 ## - ASIENTO SECUNDARIO DE MATERIA - TERMINO TEMATICO
Término temático o nombre geográfico como elemento de entrada Conservación de biodiversidad
650 ## - ASIENTO SECUNDARIO DE MATERIA - TERMINO TEMATICO
Término temático o nombre geográfico como elemento de entrada Diversidad beta
650 ## - ASIENTO SECUNDARIO DE MATERIA - TERMINO TEMATICO
Término temático o nombre geográfico como elemento de entrada Biodiversidad
650 ## - ASIENTO SECUNDARIO DE MATERIA - TERMINO TEMATICO
Término temático o nombre geográfico como elemento de entrada Diversidad gama
650 ## - ASIENTO SECUNDARIO DE MATERIA - TERMINO TEMATICO
Término temático o nombre geográfico como elemento de entrada Restauración ecológica
650 ## - ASIENTO SECUNDARIO DE MATERIA - TERMINO TEMATICO
Término temático o nombre geográfico como elemento de entrada Restauración de biodiversidad
650 ## - ASIENTO SECUNDARIO DE MATERIA - TERMINO TEMATICO
Término temático o nombre geográfico como elemento de entrada Desarrollo sostenible
650 ## - ASIENTO SECUNDARIO DE MATERIA - TERMINO TEMATICO
Término temático o nombre geográfico como elemento de entrada Fragmentación de bosques
650 ## - ASIENTO SECUNDARIO DE MATERIA - TERMINO TEMATICO
Término temático o nombre geográfico como elemento de entrada Conservación de ecosistemas
700 ## - ASIENTO SECUNDARIO - NOMBRE PERSONAL
Nombre personal Carrol, C. Ronald
942 ## - ELEMENTOS ADICIONALES (KOHA)
Tipo de ítem Impreso
Sistema de clasificación Local
Existencias
Withdrawn status Lost status Sistema de Clasificación Damaged status No para préstamo Colección Inventariado Ubicación Permanente Ubicación actual Fecha de adquisición Fuente de Valor Valor Total Checkouts Número topográfico Inventario / Código de Barras Date last seen Ejemplar Price effective from Forma de adquisición Tipo de material
    Local     Entomología Inventariado 2017 Villa de Leyva Villa de Leyva 17/12/1997 Instituto 39000.00   LB-00063 000101 23/10/2017 Ej. 1 04/12/2012   Libro
    Local     Entomología Inventariado 2017 Villa de Leyva Villa de Leyva 07/08/2001 Instituto 39000.00   LB-00063 003683 23/10/2017 V. 1 Ej. 1 04/12/2012 Compra Libro